Dzielnice Torunia (z mapą) - Statystyki

Ogólne statystyki
  • Ten quiz został rozwiązany 991 razy
  • Średni wynik to 15 z 24
Odpowiedzi na mapie
Odpowiedzi zakodowano w zielono-czerwonej skali na mapie do tego quizu, zgodnie z poniższymi procentami.
 
Statystyki odpowiedzi
Dzielnica % Poprawnych
Rubinkowo
92%
Stare Miasto
86%
Wrzosy
81%
Bydgoskie Przedmieście
78%
Mokre
76%
Bielany
73%
Podgórz
72%
Bielawy
70%
Rudak
67%
Na Skarpie
65%
Stawki
64%
Jakubskie Przedmieście
63%
Chełmińskie Przedmieście
62%
Koniuchy
60%
Kaszczorek
57%
Czerniewice
55%
Barbarka
51%
Rybaki
47%
Katarzynka
46%
Glinki
45%
Winnica
44%
Piaski
38%
Grębocin nad Strugą
36%
Starotoruńskie Przedmieście
36%
Nie znaleziono quizów pasujących do podanych kryteriów
Rozkład punktacji
Procent ludzi z każdym wynikiem
Percentyl według liczby udzielonych odpowiedzi
Twoja historia wyników
Nie rozwiązałeś tego quizu